| 000 | 01051nas a2200301 454500 | ||
|---|---|---|---|
| 001 | 33847 | ||
| 005 | 20260407193508.0 | ||
| 008 | 260407s1987####ag###########|||spa#d | ||
| 003 | AR-UNSa-BCEJYS | ||
| 040 |
_aAR-UNSa-BCEJYS _bspa _cAR-UNSa-BCEJYS |
||
| 080 |
_a330.34 _xDesarrollo Económico |
||
| 245 | 1 | 0 | _aRevista de desarrollo económico |
| 022 | _a1049-2305 | ||
| 264 | 1 |
_aWashington : _bNational Chamber Foundation _c1987 |
|
| 310 | _aFrecuencia: Trimestral Cambia de Director a partir del Vol. 2, Nº 3 por Richard W. Rahn | ||
| 041 | _aspa | ||
| 942 | _cSER | ||
| 590 | _aniveau_biblio:s niveau_hierar:1 | ||
| 100 | 1 | _aFundación de la Cámara Nacional | |
| 700 | 1 | _aUtt, Ronald D. | |
| 650 | _aDesarrollo económico y social | ||
| 650 | _aEstados Unidos | ||
| 650 | _aPlanificación del desarrollo | ||
| 650 | _aPolítica económica | ||
| 650 | _aPlanificación económica | ||
| 650 | _aPlanificación regional | ||
| 856 | 4 | 1 |
_uhttps://biblioeco.unsa.edu.ar/pmb/images/revistas/rev_desarrollo_eco.jpg _yImagen de portada _qimage/jpeg |
| 999 |
_c8740 _d8740 |
||